000 00641nam a22001937a 4500
005 20251108170911.0
008 250721s1990 xx 000 0 ara d
082 1 4 _a956.94/قسم
245 1 0 _aالنفوذ الصهيوني في السياسة الفرنسية :
_bالصهيونية غير اليهودية /
264 1 _aمالطا :
_bدار إقرأ للطباعة و النشر،
_c1990.
300 _a79ص
650 1 7 _aالصهيونية
650 1 7 _aتاريخ فرنسا
650 1 7 _aاليهود
650 1 7 _aالسياسة
710 2 _aقسم البحوث و الدراسات
942 _2ddc
_cBK
999 _c51663
_d51663